00597nam a22001697a 450000500170000001000130001702000260003003500110005603700160006708200100008310000460009324500830013924600580022226000510028027000730033130000230040420200603123317.0 aUR-10774 c200.00a9789389002843 aU-9329 bDBAD/PUBa- a840.8 aمحمد مصطفی علی سر و ر ی  aا حسا سا ت(حصہ د و م )cمحمد مصطفی علی سر و ر ی  bAhsasaat(Part-2) (Urdu)aby Mohd. Mustafa Ali Sarwari aDelhibEducational Publishing House c2019 ء a3191,Vakil Street,Kucha Pandit Lal Kuan,bDelhie110006k23216162l- a174 ص c22 Cm(Hb)